000 00461nam a22001697a 4500
003 MPLRDC
005 20220104142813.0
008 210129b ||||| |||| 00| 0 eng d
082 _a857.9 JDZG-6 v.11
100 _a还珠楼主原著
245 _a青城十九侠. 十一
_c莱洪生批校
260 _a
_b艺文图书公司
_c
300 _b
490 _a近代中国武侠小说名著大系
650 _a武侠小说
942 _cBK
_o857.9 JDZG-6 v.11
999 _c33835
_d33825